Statystyki dla Seniorska Kariera Roberta Lewandowskiego

Kliknij tutaj aby rozwiązać quiz!

Ogólne statystyki

  • Ten quiz został rozwiązany 78 razy
  • Średni wynik to 5 z 7

Statystyki odpowiedzi

RokKlub% Poprawnych
14/15Bayern Monachium
99%
08/09Lech Poznań
97%
22/23Fc Barcelona
94%
10/11Borussia Dortmund
91%
06/07Znicz Pruszków
86%
(Brak)Delta Warszawa
26%
05/06Legia II Warszawa
22%

Rozkład punktacji

Percentyl według liczby udzielonych odpowiedzi

Procent ludzi z każdym wynikiem

Twoja historia wyników

Nie rozwiązałeś tego quizu